|
|
|
|
| LEADER |
00000cam a2200000 4500 |
| 001 |
vtls008757916 |
| 003 |
SK-MaSNL |
| 005 |
20260302075137.0 |
| 008 |
210623s2002 xr a gr 0 f slo |
| 015 |
|
|
|a SNBA2002
|
| 020 |
|
|
|a 8071816515
|q (brožované)
|
| 035 |
|
|
|a POKPOH45579
|
| 035 |
|
|
|a urn:nbn:sk:snk-am3ilc8
|
| 035 |
|
|
|a B0F9F1B4-7CDB-4EC3-96E3-FD94713C2498
|
| 035 |
|
|
|a urn:nbn:sk:snk-am00eo3z
|
| 040 |
|
|
|a SNK
|b slo
|c SNK
|e rda
|
| 041 |
1 |
|
|a slo
|h eng
|
| 044 |
|
|
|a xr
|c CZ
|
| 072 |
|
7 |
|a 821.111(73)
|x Americká literatúra
|2 konspekt
|
| 080 |
|
|
|a 821.111(73)
|2 2011
|
| 080 |
|
|
|a 821-311.3
|2 2011
|
| 100 |
1 |
|
|a Bellairs, John
|4 aut
|9 741599
|
| 240 |
1 |
4 |
|a The House with a clock in its walls
|l Slovensky
|
| 245 |
1 |
|
|a Záhadné hodiny
|b dobrodružstvo Lewisa Barnavelta
|c John Bellairs ; z anglického originálu prel. Tereza Bílková, Daniela Kučová, Dagmar Matošková
|
| 250 |
|
|
|a Prvé slovenské vydanie
|
| 260 |
|
|
|a Praha
|b Ottovo nakladatelství
|c 2002
|
| 300 |
|
|
|a 128 strán
|b ilustrácie
|c 21 cm
|
| 500 |
|
|
|a Preložené z angličtiny
|
| 650 |
0 |
7 |
|a americká literatúra
|2 SNKPH
|9 1170
|
| 650 |
0 |
7 |
|a American literature
|2 SNKPHeng
|9 338200
|
| 655 |
|
7 |
|a dobrodružné romány
|2 SNKPH
|9 70486
|
| 655 |
|
7 |
|a Adventure novels
|2 SNKPHeng
|9 278333
|
| 700 |
1 |
|
|a Bílková, Tereza
|4 trl
|9 741600
|
| 700 |
1 |
|
|a Kučová, Daniela
|4 trl
|9 311409
|
| 700 |
1 |
|
|a Matošková, Dagmar
|4 trl
|9 11679
|
| 700 |
1 |
|
|a Pítrová, Lucie,
|d 1964-
|4 ill
|9 165548
|
| 919 |
|
|
|a 80-7181-651-5
|
| 958 |
|
|
|a LX
|
| 958 |
|
|
|a UP
|
| 968 |
|
|
|b ENG
|
| 999 |
|
|
|c 1168060
|d 1169990
|
| 952 |
|
|
|a SNK
|b SNK
|y PREZ
|7 0
|p 17A1536712
|o snkSC 185526 D1
|i snk2025/3600
|8 7
|0 0
|1 0
|4 0
|d 2025-02-27
|l 0
|r 2026-02-24 20:54:24
|w 2026-02-24
|
| 952 |
|
|
|a SNK
|b SNK
|y PREZ
|7 0
|p 17A1417757
|o snkSC 185526
|i snk2020/12654
|8 7
|0 0
|1 0
|4 0
|d 2020-07-14
|f 1
|l 0
|r 2026-02-24 20:54:24
|w 2026-02-24
|